[Event "Russian Rapid Team Championship (m)"]
[Site "Sochi"]
[Date "2022.10.19"]
[Round "7.14"]
[White "Lesovoi, Evgenij"]
[Black "Iljiushenok, Ilia"]
[Result "1-0"]
[BlackElo "2467"]
[WhiteElo "2322"]
[LiveChessVersion "1.4.8"]

1. d4 {[%clk 0:15:17]} Nf6 {[%clk 0:15:18]} 2. c4 {[%clk 0:15:25]} e6
{[%clk 0:15:27]} 3. Nf3 {[%clk 0:15:33]} d5 {[%clk 0:15:36]} 4. Nc3
{[%clk 0:15:41]} dxc4 {[%clk 0:15:30]} 5. e3 {[%clk 0:15:12]} a6 {[%clk 0:15:37]}
6. Bxc4 {[%clk 0:14:25]} b5 {[%clk 0:15:45]} 7. Bd3 {[%clk 0:14:30]} Bb7
{[%clk 0:15:39]} 8. O-O {[%clk 0:14:14]} Nbd7 {[%clk 0:14:27]} 9. b3
{[%clk 0:10:37]} c5 {[%clk 0:13:52]} 10. Bb2 {[%clk 0:10:22]} cxd4
{[%clk 0:12:31]} 11. Nxd4 {[%clk 0:10:07]} Bc5 {[%clk 0:10:11]} 12. Nf3
{[%clk 0:08:24]} O-O {[%clk 0:10:11]} 13. Qe2 {[%clk 0:08:03]} Qe7
{[%clk 0:09:17]} 14. Rfd1 {[%clk 0:07:51]} Rfd8 {[%clk 0:08:45]} 15. Rac1
{[%clk 0:07:46]} e5 {[%clk 0:08:01]} 16. Bb1 {[%clk 0:06:25]} e4 {[%clk 0:07:54]}
17. Nd4 {[%clk 0:05:03]} g6 {[%clk 0:06:28]} 18. Qf1 {[%clk 0:02:53]} h5
{[%clk 0:04:02]} 19. a4 {[%clk 0:02:49]} b4 {[%clk 0:04:02]} 20. Nce2
{[%clk 0:02:56]} Rac8 {[%clk 0:03:53]} 21. Nf4 {[%clk 0:02:43]} Bd6
{[%clk 0:03:36]} 22. h3 {[%clk 0:01:52]} Be5 {[%clk 0:02:03]} 23. Qe2
{[%clk 0:01:50]} h4 {[%clk 0:02:01]} 24. Rxc8 {[%clk 0:01:24]} Rxc8
{[%clk 0:02:09]} 25. Qd2 {[%clk 0:01:26]} a5 {[%clk 0:01:22]} 26. Rc1
{[%clk 0:00:58]} Nc5 {[%clk 0:01:13]} 27. Nfe2 {[%clk 0:00:42]} Nd5
{[%clk 0:01:02]} 28. Bc2 {[%clk 0:00:27]} Rd8 {[%clk 0:00:54]} 29. Ba1
{[%clk 0:00:26]} Bb8 {[%clk 0:00:48]} 30. Bb1 {[%clk 0:00:24]} Qd6
{[%clk 0:00:42]} 31. Kf1 {[%clk 0:00:30]} Nd3 {[%clk 0:00:34]} 32. Bxd3
{[%clk 0:00:21]} exd3 {[%clk 0:00:43]} 33. Qxd3 {[%clk 0:00:18]} Nf6
{[%clk 0:00:28]} 34. Qb5 {[%clk 0:00:13]} Bxg2+ {[%clk 0:00:21]} 35. Kxg2
{[%clk 0:00:13]} Qh2+ {[%clk 0:00:30]} 36. Kf1 {[%clk 0:00:22]} Ne4
{[%clk 0:00:34]} 37. Ke1 {[%clk 0:00:16]} Qh1+ {[%clk 0:00:33]} 38. Ng1
{[%clk 0:00:21]} Qxg1+ {[%clk 0:00:42]} 39. Qf1 {[%clk 0:00:30]} Qh2
{[%clk 0:00:30]} 40. Nf3 {[%clk 0:00:32]} Qd6 {[%clk 0:00:35]} 41. Qc4
{[%clk 0:00:37]} Nxf2 {[%clk 0:00:26]} 42. Qxh4 {[%clk 0:00:30]} Nd3+
{[%clk 0:00:26]} 43. Kf1 {[%clk 0:00:38]} Ne5 {[%clk 0:00:15]} 44. Bxe5
{[%clk 0:00:16]} Qd3+ {[%clk 0:00:24]} 45. Kf2 {[%clk 0:00:17]} Bxe5
{[%clk 0:00:32]} 46. Nxe5 {[%clk 0:00:26]} Qd2+ {[%clk 0:00:25]} 47. Kf3
{[%clk 0:00:31]} Kg7 {[%clk 0:00:13]} 48. Ng4 {[%clk 0:00:12]} Qd5+
{[%clk 0:00:12]} 49. Kf2 Qd2+ {[%clk 0:00:15]} 50. Kf3 {[%clk 0:00:20]} Qd5+
{[%clk 0:00:24]} 51. Kf2 {[%clk 0:00:30]} Qd2+ {[%clk 0:00:30]} 52. Kg3
{[%clk 0:00:16]} Qd6+ {[%clk 0:00:36]} 53. Kg2 {[%clk 0:00:25]} Rh8
{[%clk 0:00:15]} 54. Qf2 {[%clk 0:00:20]} f5 {[%clk 0:00:23]} 55. Nh2
{[%clk 0:00:24]} Qd5+ {[%clk 0:00:18]} 56. Nf3 {[%clk 0:00:32]} Qxb3
{[%clk 0:00:23]} 57. Rc7+ {[%clk 0:00:32]} Kf6 {[%clk 0:00:32]} 58. Qd2
{[%clk 0:00:35]} Re8 {[%clk 0:00:29]} 59. Qd4+ {[%clk 0:00:39]} 1-0

[Event "Russian Rapid Team Championship (m)"]
[Site "Sochi"]
[Date "2022.10.19"]
[Round "7.15"]
[White "Pridorozhni, Aleksei"]
[Black "Palchun, Grigory"]
[Result "0-1"]
[BlackElo "2216"]
[WhiteElo "2538"]
[LiveChessVersion "1.4.8"]

1. e4 {[%clk 0:15:19]} e5 {[%clk 0:15:19]} 2. Nf3 {[%clk 0:15:25]} Nc6
{[%clk 0:15:28]} 3. d4 {[%clk 0:15:33]} exd4 {[%clk 0:15:37]} 4. Nxd4
{[%clk 0:15:42]} Bc5 {[%clk 0:15:46]} 5. Nb3 {[%clk 0:15:49]} Bb6
{[%clk 0:15:54]} 6. Nc3 {[%clk 0:15:52]} Nge7 {[%clk 0:15:42]} 7. Be2
{[%clk 0:14:59]} O-O {[%clk 0:15:26]} 8. O-O {[%clk 0:15:04]} a6 {[%clk 0:14:45]}
9. Kh1 {[%clk 0:13:13]} d6 {[%clk 0:14:45]} 10. f4 {[%clk 0:13:18]} f5
{[%clk 0:14:44]} 11. Bf3 {[%clk 0:13:15]} Kh8 {[%clk 0:13:04]} 12. Bd2
{[%clk 0:12:12]} Bd7 {[%clk 0:12:29]} 13. Qc1 {[%clk 0:11:11]} fxe4
{[%clk 0:11:20]} 14. Bxe4 {[%clk 0:10:56]} Nf5 {[%clk 0:11:11]} 15. Nd5
{[%clk 0:10:36]} Ba7 {[%clk 0:11:09]} 16. g3 {[%clk 0:10:27]} Rb8
{[%clk 0:10:40]} 17. c4 {[%clk 0:09:09]} Nce7 {[%clk 0:10:12]} 18. Qc3
{[%clk 0:09:02]} b5 {[%clk 0:09:00]} 19. Nxe7 {[%clk 0:08:56]} Qxe7
{[%clk 0:07:55]} 20. Rae1 {[%clk 0:08:54]} bxc4 {[%clk 0:05:36]} 21. Na5
{[%clk 0:09:01]} Qf7 {[%clk 0:05:09]} 22. g4 {[%clk 0:08:05]} Nd4
{[%clk 0:04:23]} 23. Qh3 {[%clk 0:07:56]} h5 {[%clk 0:03:53]} 24. f5
{[%clk 0:07:57]} Rfe8 {[%clk 0:03:09]} 25. Bc3 {[%clk 0:07:11]} Nb5
{[%clk 0:02:10]} 26. f6 {[%clk 0:05:30]} g6 {[%clk 0:01:34]} 27. Bxg6
{[%clk 0:04:44]} Qd5+ {[%clk 0:01:42]} 28. Qg2 {[%clk 0:04:27]} Qxg2+
{[%clk 0:01:33]} 29. Kxg2 {[%clk 0:04:35]} Rxe1 {[%clk 0:01:35]} 30. Bxe1
{[%clk 0:03:49]} hxg4 {[%clk 0:01:27]} 31. a4 {[%clk 0:03:31]} Nd4
{[%clk 0:01:19]} 32. Bc3 {[%clk 0:03:39]} Rf8 {[%clk 0:01:03]} 33. Rf2
{[%clk 0:03:08]} Bxa4 {[%clk 0:00:52]} 34. Kg3 {[%clk 0:02:40]} Nb5
{[%clk 0:00:20]} 35. Rf1 {[%clk 0:02:48]} Nxc3 {[%clk 0:00:24]} 36. bxc3
{[%clk 0:02:56]} Be3 {[%clk 0:00:27]} 37. Kxg4 {[%clk 0:01:44]} Bd2
{[%clk 0:00:36]} 38. Rf3 {[%clk 0:01:27]} Bd1 {[%clk 0:00:43]} 39. f7
{[%clk 0:01:28]} Bxf3+ {[%clk 0:00:47]} 40. Kxf3 {[%clk 0:01:37]} Kg7
{[%clk 0:00:53]} 41. Bh5 {[%clk 0:01:45]} Bxc3 {[%clk 0:00:59]} 42. Nxc4
{[%clk 0:01:54]} a5 {[%clk 0:00:56]} 43. Ke4 {[%clk 0:02:02]} a4 {[%clk 0:00:54]}
44. Kd3 {[%clk 0:02:10]} Be5 {[%clk 0:00:56]} 45. h4 {[%clk 0:02:05]} Rh8
{[%clk 0:00:56]} 46. Bd1 {[%clk 0:02:13]} Rxh4 {[%clk 0:00:39]} 47. Bxa4
{[%clk 0:02:21]} Kxf7 {[%clk 0:00:41]} 48. Bc6 {[%clk 0:02:28]} Ke6
{[%clk 0:00:38]} 49. Bb7 {[%clk 0:02:36]} Rd4+ {[%clk 0:00:38]} 50. Kc3
{[%clk 0:02:45]} d5 {[%clk 0:00:28]} 51. Bc8+ {[%clk 0:02:40]} Kf6
{[%clk 0:00:33]} 52. Ne3 {[%clk 0:02:49]} c5 {[%clk 0:00:22]} 53. Kc2
{[%clk 0:02:57]} Bf4 {[%clk 0:00:25]} 54. Ng4+ {[%clk 0:02:49]} Kg5
{[%clk 0:00:34]} 55. Bd7 {[%clk 0:02:52]} Rb4 {[%clk 0:00:34]} 56. Nf2
{[%clk 0:02:56]} Be3 {[%clk 0:00:26]} 57. Nd3 {[%clk 0:03:03]} Rh4
{[%clk 0:00:32]} 58. Bc6 {[%clk 0:03:06]} Rh2+ {[%clk 0:00:35]} 59. Kb1
{[%clk 0:03:12]} Rd2 {[%clk 0:00:30]} 60. Ne5 {[%clk 0:03:16]} Kf5
{[%clk 0:00:23]} 61. Nf3 {[%clk 0:03:19]} Rd3 {[%clk 0:00:15]} 62. Ba4
{[%clk 0:03:27]} Kf4 {[%clk 0:00:20]} 63. Bc2 {[%clk 0:03:33]} Rc3
{[%clk 0:00:25]} 64. Nh4 {[%clk 0:03:41]} d4 {[%clk 0:00:29]} 65. Kb2
{[%clk 0:03:46]} Rc4 {[%clk 0:00:35]} 66. Ng6+ {[%clk 0:03:48]} Kg3
{[%clk 0:00:39]} 67. Ne5 {[%clk 0:03:50]} Rb4+ {[%clk 0:00:47]} 68. Ka2
{[%clk 0:03:59]} c4 {[%clk 0:00:23]} 69. Ka3 {[%clk 0:04:07]} d3 {[%clk 0:00:21]}
70. Bd1 {[%clk 0:03:57]} Bc5 {[%clk 0:00:29]} 71. Ka2 {[%clk 0:04:02]} Bd4
{[%clk 0:00:22]} 0-1

[Event "Russian Rapid Team Championship (m)"]
[Site "Sochi"]
[Date "2022.10.19"]
[Round "7.16"]
[White "Babanin, Gleb"]
[Black "Kabanov, Nikolai"]
[Result "1/2-1/2"]
[BlackElo "2367"]
[WhiteElo "2223"]
[LiveChessVersion "1.4.8"]

1. e4 {[%clk 0:15:19]} c6 {[%clk 0:15:19]} 2. d4 {[%clk 0:15:28]} d5
{[%clk 0:15:27]} 3. e5 {[%clk 0:15:36]} Bf5 {[%clk 0:15:36]} 4. Nf3
{[%clk 0:15:45]} e6 {[%clk 0:15:44]} 5. Be2 {[%clk 0:15:54]} Nd7 {[%clk 0:15:51]}
6. O-O {[%clk 0:16:01]} h6 {[%clk 0:15:58]} 7. a4 {[%clk 0:16:08]} Ne7
{[%clk 0:15:59]} 8. a5 {[%clk 0:16:16]} a6 {[%clk 0:16:07]} 9. Nbd2
{[%clk 0:15:47]} c5 {[%clk 0:16:12]} 10. c4 {[%clk 0:14:22]} cxd4
{[%clk 0:15:56]} 11. cxd5 {[%clk 0:14:21]} d3 {[%clk 0:15:42]} 12. Nc4
{[%clk 0:14:25]} Nxd5 {[%clk 0:15:30]} 13. Bxd3 {[%clk 0:14:32]} Bxd3
{[%clk 0:15:21]} 14. Qxd3 {[%clk 0:14:41]} Be7 {[%clk 0:14:51]} 15. Ne3
{[%clk 0:12:32]} Nb4 {[%clk 0:14:16]} 16. Qe4 {[%clk 0:12:16]} Nc6
{[%clk 0:14:15]} 17. Bd2 {[%clk 0:11:12]} Nc5 {[%clk 0:12:04]} 18. Qg4
{[%clk 0:10:07]} g5 {[%clk 0:10:30]} 19. Bc3 {[%clk 0:09:02]} h5 {[%clk 0:10:36]}
20. Qc4 {[%clk 0:08:22]} g4 {[%clk 0:10:05]} 21. Nd2 {[%clk 0:06:30]} Qd3
{[%clk 0:09:28]} 22. Qxd3 {[%clk 0:04:31]} Nxd3 {[%clk 0:09:35]} 23. Ndc4
{[%clk 0:04:40]} O-O-O {[%clk 0:08:14]} 24. f3 {[%clk 0:04:12]} Bc5
{[%clk 0:07:55]} 25. Kh1 {[%clk 0:02:46]} Rh7 26. fxg4 {[%clk 0:00:46]} hxg4
{[%clk 0:04:44]} 27. Nxg4 {[%clk 0:00:55]} Rh4 {[%clk 0:03:13]} 28. Nce3
{[%clk 0:00:55]} Rg8 {[%clk 0:02:54]} 29. h3 {[%clk 0:00:50]} Bxe3
{[%clk 0:02:24]} 30. Nxe3 {[%clk 0:00:59]} Ncxe5 {[%clk 0:02:26]} 31. Rad1
{[%clk 0:00:37]} Rg3 {[%clk 0:02:25]} 32. Bxe5 {[%clk 0:00:22]} Nxe5
{[%clk 0:02:16]} 33. Rfe1 {[%clk 0:00:31]} Nf3 {[%clk 0:02:11]} 34. Re2
{[%clk 0:00:34]} Nd4 {[%clk 0:02:08]} 35. Red2 {[%clk 0:00:26]} Nc6
{[%clk 0:01:40]} 36. Nf1 {[%clk 0:00:23]} Rb3 {[%clk 0:01:41]} 37. Rf2
{[%clk 0:00:19]} Rh7 {[%clk 0:01:27]} 38. Kh2 {[%clk 0:00:28]} Nxa5 39. Ng3
{[%clk 0:00:37]} Rb4 {[%clk 0:01:34]} 40. Rdf1 {[%clk 0:00:24]} f5
{[%clk 0:01:35]} 41. Re1 {[%clk 0:00:33]} f4 {[%clk 0:01:33]} 42. Ne4
{[%clk 0:00:38]} e5 {[%clk 0:01:13]} 43. Nf6 {[%clk 0:00:35]} Rf7
{[%clk 0:01:13]} 44. Nd5 {[%clk 0:00:34]} Rb5 {[%clk 0:01:09]} 45. Rxe5
{[%clk 0:00:37]} Nc4 {[%clk 0:00:45]} 46. Ne7+ {[%clk 0:00:41]} Kd7
{[%clk 0:00:50]} 47. Rxb5 {[%clk 0:00:50]} axb5 {[%clk 0:00:59]} 48. Ng6
{[%clk 0:00:34]} f3 {[%clk 0:00:38]} 49. b3 {[%clk 0:00:37]} Rg7 {[%clk 0:00:37]}
50. Nf8+ {[%clk 0:00:40]} Ke7 {[%clk 0:00:45]} 51. bxc4 {[%clk 0:00:48]} fxg2
{[%clk 0:00:37]} 52. Rxg2 {[%clk 0:00:54]} Rxg2+ {[%clk 0:00:44]} 53. Kxg2
{[%clk 0:01:03]} bxc4 {[%clk 0:00:53]} 54. Ng6+ {[%clk 0:01:11]} Kf6
{[%clk 0:00:57]} 55. Nf4 {[%clk 0:01:19]} b5 {[%clk 0:00:57]} 56. Kf3
{[%clk 0:01:28]} Ke5 {[%clk 0:00:58]} 57. Ke3 {[%clk 0:01:13]} b4
{[%clk 0:01:03]} 58. Ne2 {[%clk 0:00:57]} Kf5 {[%clk 0:00:50]} 59. Nd4+
{[%clk 0:00:41]} Kg5 {[%clk 0:00:33]} 60. Nf3+ {[%clk 0:00:24]} Kf5
{[%clk 0:00:34]} 61. Nd2 {[%clk 0:00:18]} c3 {[%clk 0:00:41]} 62. Nb3
{[%clk 0:00:25]} Kg5 {[%clk 0:00:46]} 63. Ke4 1/2-1/2

[Event "Russian Rapid Team Championship (m)"]
[Site "Sochi"]
[Date "2022.10.19"]
[Round "8.1"]
[White "Tomashevsky, Evgeny"]
[Black "Ponkratov, Pavel"]
[Result "1/2-1/2"]
[BlackElo "2518"]
[WhiteElo "2631"]
[LiveChessVersion "1.4.8"]

1. d4 {[%clk 0:15:18]} Nf6 {[%clk 0:15:19]} 2. c4 {[%clk 0:15:26]} e6
{[%clk 0:15:27]} 3. Nf3 {[%clk 0:15:35]} d5 {[%clk 0:15:36]} 4. Nc3
{[%clk 0:15:41]} Bb4 {[%clk 0:15:41]} 5. Bg5 {[%clk 0:15:30]} h6 {[%clk 0:15:49]}
6. Bxf6 {[%clk 0:15:30]} Qxf6 {[%clk 0:15:57]} 7. e3 {[%clk 0:15:38]} O-O
{[%clk 0:14:46]} 8. cxd5 {[%clk 0:15:44]} exd5 {[%clk 0:14:53]} 9. Bd3
{[%clk 0:15:53]} Bg4 {[%clk 0:13:44]} 10. O-O {[%clk 0:15:52]} c6
{[%clk 0:13:48]} 11. Qb3 {[%clk 0:14:54]} Bxf3 {[%clk 0:10:11]} 12. Qxb4
{[%clk 0:15:03]} Qg5 {[%clk 0:10:19]} 13. g3 {[%clk 0:15:12]} b6 {[%clk 0:10:28]}
14. Be2 {[%clk 0:14:02]} Bxe2 {[%clk 0:09:12]} 15. Nxe2 {[%clk 0:14:11]} Qf6
{[%clk 0:09:06]} 16. Rac1 {[%clk 0:13:46]} Nd7 {[%clk 0:09:12]} 17. Nf4
{[%clk 0:10:09]} Rfc8 {[%clk 0:09:15]} 18. Rc2 {[%clk 0:07:26]} g5
{[%clk 0:09:14]} 19. Nd3 {[%clk 0:07:31]} Qf5 {[%clk 0:09:08]} 20. Rc3
{[%clk 0:05:56]} Nf6 {[%clk 0:09:01]} 21. Rfc1 {[%clk 0:05:52]} c5
{[%clk 0:08:21]} 22. dxc5 {[%clk 0:05:41]} Ne4 {[%clk 0:08:29]} 23. c6
{[%clk 0:04:29]} Nxc3 {[%clk 0:08:02]} 24. Rxc3 {[%clk 0:04:38]} Qe6
{[%clk 0:07:16]} 25. Qb5 {[%clk 0:04:44]} Rd8 {[%clk 0:05:18]} 26. c7
{[%clk 0:04:31]} Rd6 {[%clk 0:05:23]} 27. Nb4 {[%clk 0:04:23]} d4
{[%clk 0:04:23]} 1/2-1/2

[Event "Russian Rapid Team Championship (m)"]
[Site "Sochi"]
[Date "2022.10.19"]
[Round "8.2"]
[White "Shomoev, Anton"]
[Black "Chigaev, Maksim"]
[Result "1/2-1/2"]
[BlackElo "2540"]
[WhiteElo "2553"]
[LiveChessVersion "1.4.8"]

1. e4 {[%clk 0:15:17]} c5 {[%clk 0:15:19]} 2. Nf3 {[%clk 0:15:27]} e6
{[%clk 0:15:27]} 3. d4 {[%clk 0:15:36]} cxd4 {[%clk 0:15:36]} 4. Nxd4
{[%clk 0:15:45]} Nf6 {[%clk 0:15:45]} 5. Nc3 {[%clk 0:15:54]} Nc6
{[%clk 0:15:53]} 6. Ndb5 {[%clk 0:15:59]} Bb4 {[%clk 0:16:01]} 7. a3
{[%clk 0:16:08]} Bxc3+ {[%clk 0:16:10]} 8. Nxc3 {[%clk 0:16:16]} d5
{[%clk 0:16:18]} 9. exd5 {[%clk 0:16:24]} exd5 {[%clk 0:16:27]} 10. Bd3
{[%clk 0:16:30]} O-O {[%clk 0:16:34]} 11. O-O {[%clk 0:16:37]} Bg4
{[%clk 0:16:42]} 12. f3 {[%clk 0:15:07]} Bh5 {[%clk 0:16:51]} 13. Bg5
{[%clk 0:15:14]} Qb6+ {[%clk 0:16:59]} 14. Kh1 {[%clk 0:15:23]} Ne4
{[%clk 0:17:05]} 15. Nxe4 {[%clk 0:15:32]} dxe4 {[%clk 0:17:13]} 16. Bxe4
{[%clk 0:15:40]} Qxb2 {[%clk 0:17:21]} 17. Qb1 {[%clk 0:12:37]} Qb6
{[%clk 0:16:10]} 18. Qxb6 {[%clk 0:12:12]} axb6 {[%clk 0:16:18]} 19. Rfb1
{[%clk 0:12:09]} Bg6 {[%clk 0:15:39]} 20. Bxc6 {[%clk 0:11:49]} bxc6
{[%clk 0:15:47]} 21. Rxb6 {[%clk 0:11:57]} Bxc2 {[%clk 0:14:46]} 22. Rxc6
{[%clk 0:12:05]} Ba4 {[%clk 0:14:53]} 23. Rc7 {[%clk 0:10:40]} Rfc8
{[%clk 0:14:46]} 24. Rac1 {[%clk 0:10:38]} Rxc7 {[%clk 0:14:51]} 25. Rxc7
{[%clk 0:10:47]} h6 {[%clk 0:14:51]} 26. Be7 {[%clk 0:10:42]} Ra6
{[%clk 0:14:33]} 27. h3 {[%clk 0:09:30]} Rc6 {[%clk 0:13:57]} 28. Ra7
{[%clk 0:07:53]} Rc4 {[%clk 0:13:58]} 29. Kg1 {[%clk 0:07:34]} Bb3
{[%clk 0:13:50]} 30. Bb4 {[%clk 0:06:27]} Rc1+ {[%clk 0:13:47]} 31. Kh2
{[%clk 0:05:34]} Rc2 {[%clk 0:13:53]} 32. Re7 {[%clk 0:04:41]} Ra2
{[%clk 0:13:33]} 33. Re1 {[%clk 0:04:27]} Bc4 {[%clk 0:13:00]} 34. h4
{[%clk 0:04:30]} f6 {[%clk 0:10:46]} 35. Kh3 {[%clk 0:04:03]} h5 {[%clk 0:10:44]}
36. Rc1 {[%clk 0:03:58]} Bb5 {[%clk 0:10:21]} 37. g4 {[%clk 0:02:03]} hxg4+
{[%clk 0:08:32]} 38. fxg4 {[%clk 0:02:11]} Rb2 {[%clk 0:07:52]} 39. Kg3
{[%clk 0:01:02]} Re2 {[%clk 0:06:07]} 40. g5 {[%clk 0:00:54]} Re3+
{[%clk 0:03:04]} 41. Kf4 {[%clk 0:00:37]} Rh3 {[%clk 0:03:12]} 42. gxf6
{[%clk 0:00:33]} gxf6 {[%clk 0:03:09]} 43. Kf5 {[%clk 0:00:32]} Rxh4
{[%clk 0:03:05]} 44. Kxf6 {[%clk 0:00:40]} Rh6+ {[%clk 0:02:56]} 45. Ke5
{[%clk 0:00:41]} Rc6 {[%clk 0:02:23]} 46. Rh1 {[%clk 0:00:36]} Ra6
{[%clk 0:02:17]} 47. Rh2 {[%clk 0:00:39]} Kf7 {[%clk 0:02:16]} 48. Rh7+
{[%clk 0:00:44]} Ke8 {[%clk 0:02:23]} 49. Kd5 {[%clk 0:00:46]} Kd8
{[%clk 0:02:15]} 50. Bd6 {[%clk 0:00:43]} Ba4 {[%clk 0:01:16]} 51. Bc5
{[%clk 0:00:35]} Kc8 {[%clk 0:01:19]} 52. Kc4 {[%clk 0:00:36]} Kb8
{[%clk 0:01:00]} 53. Kb4 {[%clk 0:00:43]} Kc8 {[%clk 0:00:57]} 54. Rg7
{[%clk 0:00:47]} Kb8 {[%clk 0:00:56]} 55. Bd4 {[%clk 0:00:52]} Kc8
{[%clk 0:01:01]} 56. Be5 {[%clk 0:00:59]} Bd7 {[%clk 0:00:56]} 57. Rg8+
{[%clk 0:00:29]} Kb7 {[%clk 0:01:05]} 58. Rb8+ {[%clk 0:00:33]} Kc6
{[%clk 0:01:04]} 59. Bd4 {[%clk 0:00:40]} Kc7 {[%clk 0:00:55]} 60. Be5+
{[%clk 0:00:35]} Kc6 {[%clk 0:01:04]} 61. a4 {[%clk 0:00:26]} Kd5
{[%clk 0:01:08]} 62. Bc3 {[%clk 0:00:24]} 1/2-1/2

[Event "Russian Rapid Team Championship (m)"]
[Site "Sochi"]
[Date "2022.10.19"]
[Round "8.3"]
[White "Khegay, Dmitriy"]
[Black "Lysyj, Igor"]
[Result "1/2-1/2"]
[BlackElo "2530"]
[WhiteElo "2486"]
[LiveChessVersion "1.4.8"]

1. d4 {[%clk 0:15:19]} Nf6 {[%clk 0:15:18]} 2. c4 {[%clk 0:15:27]} e6
{[%clk 0:15:27]} 3. Nf3 {[%clk 0:15:36]} d5 {[%clk 0:15:36]} 4. Nc3
{[%clk 0:15:44]} Be7 {[%clk 0:15:45]} 5. Bg5 {[%clk 0:15:45]} dxc4
{[%clk 0:15:53]} 6. e3 {[%clk 0:15:46]} c5 {[%clk 0:16:00]} 7. Bxc4
{[%clk 0:15:54]} cxd4 {[%clk 0:16:09]} 8. exd4 {[%clk 0:16:02]} O-O
{[%clk 0:16:15]} 9. O-O {[%clk 0:16:10]} Nc6 {[%clk 0:16:23]} 10. a3
{[%clk 0:15:35]} a6 {[%clk 0:16:25]} 11. Rc1 {[%clk 0:15:18]} b5 {[%clk 0:16:26]}
12. Ba2 {[%clk 0:15:27]} Bb7 {[%clk 0:16:27]} 13. Qd3 {[%clk 0:14:56]} h6
{[%clk 0:14:24]} 14. Bh4 {[%clk 0:14:30]} Nh5 {[%clk 0:14:15]} 15. Bg3
{[%clk 0:14:37]} Nxg3 {[%clk 0:14:17]} 16. hxg3 {[%clk 0:14:45]} Bf6
{[%clk 0:14:22]} 17. Rfd1 {[%clk 0:14:10]} Ne7 {[%clk 0:14:17]} 18. Ne4
{[%clk 0:14:04]} Bxe4 {[%clk 0:13:48]} 19. Qxe4 {[%clk 0:14:13]} Rc8
{[%clk 0:13:34]} 20. Rxc8 {[%clk 0:12:02]} Qxc8 {[%clk 0:13:34]} 21. Ne5
{[%clk 0:12:09]} Bxe5 {[%clk 0:13:08]} 22. dxe5 {[%clk 0:12:16]} Rd8
{[%clk 0:13:10]} 23. Rxd8+ {[%clk 0:11:19]} Qxd8 {[%clk 0:13:19]} 24. Kh2
{[%clk 0:09:54]} Qd1 {[%clk 0:08:20]} 25. f3 {[%clk 0:09:06]} Nd5
{[%clk 0:07:57]} 26. Bxd5 {[%clk 0:08:24]} exd5 {[%clk 0:08:03]} 27. Qf5
{[%clk 0:08:31]} d4 {[%clk 0:07:52]} 28. Qc8+ {[%clk 0:08:11]} Kh7
{[%clk 0:08:01]} 29. Qd7 {[%clk 0:07:31]} d3 {[%clk 0:05:57]} 30. Qxf7
{[%clk 0:07:37]} d2 {[%clk 0:06:06]} 31. Qf5+ {[%clk 0:06:35]} Kh8
{[%clk 0:04:54]} 32. e6 {[%clk 0:03:56]} Qe1 {[%clk 0:04:43]} 33. Qf8+
{[%clk 0:03:25]} Kh7 {[%clk 0:04:51]} 34. Qf5+ {[%clk 0:03:34]} Kh8
{[%clk 0:04:59]} 35. e7 {[%clk 0:01:56]} d1=Q {[%clk 0:04:29]} 36. Qf8+
{[%clk 0:02:02]} Kh7 {[%clk 0:04:38]} 37. Qf5+ {[%clk 0:02:10]} 1/2-1/2

[Event "Russian Rapid Team Championship (m)"]
[Site "Sochi"]
[Date "2022.10.19"]
[Round "8.4"]
[White "Remizov, Yaroslav"]
[Black "Drygalov, Andrey"]
[Result "1/2-1/2"]
[BlackElo "2456"]
[WhiteElo "2355"]
[LiveChessVersion "1.4.8"]

1. e4 {[%clk 0:15:18]} e5 {[%clk 0:15:17]} 2. Nf3 {[%clk 0:15:22]} Nc6
{[%clk 0:15:25]} 3. Bc4 {[%clk 0:15:20]} Bc5 {[%clk 0:15:33]} 4. c3
{[%clk 0:15:22]} Nf6 {[%clk 0:15:41]} 5. d4 {[%clk 0:15:31]} exd4
{[%clk 0:15:48]} 6. e5 {[%clk 0:15:40]} d5 {[%clk 0:15:29]} 7. Bb5
{[%clk 0:15:48]} Ne4 {[%clk 0:15:35]} 8. cxd4 {[%clk 0:15:56]} Bb6
{[%clk 0:15:32]} 9. Nc3 {[%clk 0:16:04]} O-O {[%clk 0:15:11]} 10. Be3
{[%clk 0:16:12]} Bg4 {[%clk 0:13:12]} 11. h3 {[%clk 0:16:20]} Bh5
{[%clk 0:13:20]} 12. Qc2 {[%clk 0:16:26]} Bg6 {[%clk 0:13:11]} 13. Qb3
{[%clk 0:16:25]} Ne7 {[%clk 0:13:17]} 14. O-O {[%clk 0:16:32]} c6
{[%clk 0:13:13]} 15. Bd3 {[%clk 0:16:35]} Nf5 {[%clk 0:12:58]} 16. Rfe1
{[%clk 0:14:30]} Nxe3 {[%clk 0:11:57]} 17. Rxe3 {[%clk 0:14:21]} Ng5
{[%clk 0:10:54]} 18. Bxg6 {[%clk 0:13:19]} Nxf3+ {[%clk 0:10:00]} 19. Rxf3
{[%clk 0:13:21]} hxg6 {[%clk 0:10:01]} 20. Rd1 {[%clk 0:12:45]} f6
{[%clk 0:07:42]} 21. exf6 {[%clk 0:12:28]} Rxf6 {[%clk 0:07:44]} 22. Na4
{[%clk 0:12:07]} Rxf3 {[%clk 0:07:42]} 23. Qxf3 {[%clk 0:12:14]} Qf6
{[%clk 0:07:46]} 24. Qe3 {[%clk 0:11:24]} Rf8 {[%clk 0:06:59]} 25. b4
{[%clk 0:11:09]} Qf4 {[%clk 0:04:17]} 26. Qxf4 {[%clk 0:05:19]} Rxf4
{[%clk 0:04:25]} 27. Nxb6 {[%clk 0:05:27]} axb6 {[%clk 0:04:33]} 28. a4
{[%clk 0:05:33]} Rf8 {[%clk 0:03:56]} 29. f3 {[%clk 0:05:25]} Ra8
{[%clk 0:03:37]} 30. Ra1 {[%clk 0:05:34]} Kf7 {[%clk 0:03:37]} 31. Kf2
{[%clk 0:04:27]} Ke6 {[%clk 0:03:22]} 32. Ke3 {[%clk 0:04:16]} Kd6
{[%clk 0:02:55]} 33. h4 {[%clk 0:03:12]} c5 {[%clk 0:02:28]} 34. dxc5+
{[%clk 0:03:20]} bxc5 {[%clk 0:02:37]} 35. bxc5+ {[%clk 0:03:29]} Kxc5
{[%clk 0:02:46]} 36. Rc1+ {[%clk 0:03:37]} 1/2-1/2